ERA47 - Oki - Statystyki

Ogólne statystyki
  • Ten quiz został rozwiązany 1 023 razy
  • Średni wynik to 15 z 20
Statystyki odpowiedzi
Nazwa Utworu Featy % Poprawnych
9 ILE LAT? Ft. Sobel
90%
1 WODA SODOWA
87%
20 AGENT47
86%
19 DOM Ft. Young Igi
82%
11 NA ZAWSZE MAŁOLAT
82%
18 OK OK OK
80%
5 PUK PUK PUK Ft. Otsochodzi
80%
3 CERTIFIED LOVER Ft. Bedoes 2115
79%
7 JEREMY SOCHAN
79%
6 JEREMY SOCHAN SKIT
79%
14 WRAK
78%
17 KAUCJA
77%
2 NIEWOLNIK
76%
12 OD ZERA Ft. Blaki Selektah
75%
4 SPRZEDAŁEM SIĘ
72%
10 JESTEŚMY ZA MŁODZI Ft. Oskar83
69%
8 ŻYCIE TO ZA MAŁO
68%
13 JEŚLI CHCIAŁBYŚ TO MOŻESZ WPAŚĆ Ft. Kuban
66%
15 SEROTONINA
66%
16 QUAD STUDIO FREESTYLE
63%
Nie znaleziono quizów pasujących do podanych kryteriów
Rozkład punktacji
Procent ludzi z każdym wynikiem
Percentyl według liczby udzielonych odpowiedzi
Twoja historia wyników
Nie rozwiązałeś tego quizu